| 000 | 00772nam a2200217 i 4500 | ||
|---|---|---|---|
| 001 | 72326 | ||
| 003 | ES-MaACL | ||
| 005 | 20250831121447.0 | ||
| 007 | t| | ||
| 008 | 040831s1898 sp |||| | spa d | ||
| 100 | 1 |
_aGiner de los Ríos, Francisco, _d1839-1915 _957122 |
|
| 245 | 1 | 0 |
_aResumen de filosofía del derecho. _nI / _cpor Francisco Giner y Alfredo Calderón. |
| 260 |
_aMadrid : _bLibrería de Victoriano Suárez, _c1898. |
||
| 300 |
_a1 v. (399, VI p.) ; _c21 cm. |
||
| 530 | _aDisponible en formato digital. | ||
| 650 | 4 |
_aDerecho- _xFilosofía _911620 |
|
| 700 | 1 |
_aCalderón, Alfredo, _d1850-1907 _933593 |
|
| 852 |
_aES-MaACL _jB-13694 |
||
| 856 |
_uhttps://archive.org/details/resumendefiloso00rogoog/page/n8 _zInternet Archive |
||
| 999 |
_c72326 _d72326 |
||